| 000 | 00695nam a2200229 a 4500 | ||
|---|---|---|---|
| 001 | 64235 | ||
| 003 | BD-RjUL | ||
| 005 | 20211209081302.0 | ||
| 008 | 170212s1965 enkabcj b 001 0 eng | ||
| 035 | _a(BD-RjUL)64365 | ||
| 040 |
_aDLC _cOGK _dBD-RjUL _beng |
||
| 041 | _aeng | ||
| 082 |
_a953.804 _223 _bWIS 1965 |
||
| 100 | 1 |
_aWinder, R. Bayly _q(Richard Bayly), _d1920-1988. _9190761 |
|
| 245 | 1 | 0 |
_aSaudi Arabia in the nineteenth century / _cR. Bayly Winder. |
| 260 |
_aLondon : _bSt. Martin's Press, _cc1965. |
||
| 300 |
_axiv, 312 p. : _bill. ; _c23 cm. |
||
| 504 | _aIncludes index and bibliography | ||
| 651 | 0 |
_aSaudi Arabia _xHistory. _9190762 |
|
| 942 |
_2ddc _cBK |
||
| 999 |
_c64235 _d64235 |
||